The Diary of a Young Girl/ (Record no. 177761)

MARC details
000 -LEADER
fixed length control field 00584nam a22001817a 4500
005 - DATE AND TIME OF LATEST TRANSACTION
control field 20210302165558.0
010 ## - LCCN (DPL NO)
LC control number ENG-129116
020 ## - INTERNATIONAL STANDARD BOOK NUMBER
Terms of availability 175.00
International Standard Book Number 978-93-88720-79-3
035 ## - SYSTEM CONTROL NUMBER
System control number EN-112648
037 ## - SOURCE OF ACQUISITION
Source of stock number/acquisition DBAD/PUB
082 ## - DEWEY DECIMAL CLASSIFICATION NUMBER
Classification number 940.5318092
100 ## - MAIN ENTRY--PERSONAL NAME
Personal name Frank, Anne
245 ## - TITLE STATEMENT
Title The Diary of a Young Girl/
Statement of responsibility, etc Anne Frank
260 ## - PUBLICATION, DISTRIBUTION, ETC. (IMPRINT)
Place of publication, distribution, etc Delhi
Name of publisher, distributor, etc Pharos Books (P) Ltd.
Date of publication, distribution, etc 2020
270 ## - ADDRESS
City Delhi
Postal code 110092
Address A-55, Main Mother Dairy Road, Pandav Nagar
Telephone number 8447931000, 9319228272
Electronic mail address sales@pharosbooks.in
300 ## - PHYSICAL DESCRIPTION
Extent 260p.
Dimensions 22cm(pbk)
942 ## - ADDED ENTRY ELEMENTS (KOHA)
Source of classification or shelving scheme Dewey Decimal Classification
Item type English Books
Classification part 940.5318092
Call number suffix FRA
Holdings
Withdrawn status Lost status Not for loan Collection code Home library Current library Date acquired Source of acquisition Cost, normal purchase price Full call number Barcode Copy number Cost, replacement price Koha item type
      Non-fiction Ashok Vihar Ashok Vihar 02/03/2021 DBAD/PUB 175.00 940.5318092 FRA EN-112648 1 175.00 English Books

© Delhi Public Library
Hit Counter
free hit counter